[Event "Open"]
[Site "Predeal ROM"]
[Date "2006.08.18"]
[Round "9"]
[White "Dragomirescu,R"]
[Black "Valeanu,E"]
[Result "0-1"]
[WhiteElo "2090"]
[BlackElo "2361"]

1.e4 c5 2.Nf3 d6 3.d4 cxd4 4.Nxd4 Nf6 5.Nc3 a6 6.Be3 e6 7.f3 b5 8.g4 h6 9.Qd2 b4
10.Nce2 e5 11.Nb3 Nc6 12.O-O-O a5 13.Kb1 a4 14.Nbc1 Be6 15.Ng3 Qa5 16.Bd3 d5
17.exd5 Nxd5 18.Be4 Rd8 19.Qf2 Nd4 20.Bxd5 Qxd5 21.Bxd4 exd4 22.Nh5 Rg8 23.Nf4 Qc4
24.b3 axb3 25.cxb3 Qc5 26.Rhe1 Qb6 27.Ncd3 Be7 28.Qe2 Rd6 29.Ne5 Qb7 30.Rc1 Bg5
31.Nxe6 Rxe6 32.Rc6 Qxc6 33.Nxc6 Rxe2 34.Rxe2+ Kd7 35.Nxd4 Rc8 36.Rc2 Re8
37.Rc4 Re1+ 38.Kc2 Rh1 39.Rxb4 Rxh2+ 40.Kd3 Rxa2 41.Rb7+ Ke8 42.Nf5 Rd2+
43.Kc3 g6 44.Nd4 Rf2 45.Kd3 Bf6 46.Rb8+ Ke7 47.b4 Bxd4 48.Kxd4 Rxf3 49.Ke4 Rg3
50.Kf4 Rb3 51.Rb7+ Kf6 52.Rb6+ Kg7 53.g5 h5 54.Rb7 h4 55.Kg4 h3 56.Rd7 h2
57.Rd1 Rxb4+ 58.Kg3 Rb5 59.Kg4 Rb8 60.Rh1 Rh8 61.Kg3 Rh5 62.Kg4 Kf8 63.Kf4 Ke7
64.Re1+ Kd6 65.Rd1+ Kc5 66.Rh1 Kd4 67.Rd1+ Kc3 68.Rh1 Kd2 69.Kf3 Kd3 70.Kf2 Rxg5
71.Rxh2 Rf5+  0-1

[Event "Open"]
[Site "Stare Mesto CZE"]
[Date "2006.08.18"]
[Round "9"]
[White "Vymazal,B"]
[Black "Kusina,J"]
[Result "1-0"]
[WhiteElo "2305"]
[BlackElo "2128"]

1.e4 c5 2.Nf3 d6 3.d4 cxd4 4.Nxd4 Nf6 5.Nc3 a6 6.Be3 e5 7.Nb3 Be6 8.f3 h5
9.Qd2 Nbd7 10.O-O-O b5 11.Nd5 Bxd5 12.exd5 Nb6 13.Bxb6 Qxb6 14.g3 a5 15.Qe2 b4
16.f4 Ng4 17.Nd4 Be7 18.h3 Nf2 19.Qxf2 exd4 20.Qxd4 Qxd4 21.Rxd4 O-O 22.Bb5 Rfc8
23.Bc6 Ra7 24.Re1 g6 25.c3 bxc3 26.bxc3 Bf6 27.Rc4 Re7 28.Rxe7 Bxe7 29.Ra4 Bd8
30.Kc2 Kf8 31.Re4 Bf6 32.Ra4 Bd8 33.Ra3 Rb8 34.c4 Bb6 35.Rb3 Ke7 36.Rb5 Bc7
37.Bb7 Re8 38.Kd3 Kf6 39.c5 dxc5 40.Rxc5 Bd8 41.Rc6+ Ke7 42.Kd4 Kf8 43.d6 Re2
44.Ba6 Bf6+ 45.Kc5 Rxa2 46.Rc8+ Kg7 47.Bc4 Rc2 48.Rc7 Kg8 49.Kb5 Rb2+ 50.Kc6 Rc2
51.Kb7 Rd2 52.Rxf7 Bc3 53.d7 Rd4 54.d8=Q+ Rxd8 55.Rd7+  1-0

[Event "3rd Dato Arthur Tan"]
[Site "Kuala Lumpur MAS"]
[Date "2006.08.21"]
[Round "2"]
[White "Bao Khoa"]
[Black "Mas,H"]
[Result "1-0"]
[WhiteElo "2093"]
[BlackElo "2415"]

1.e4 c5 2.Nf3 d6 3.d4 cxd4 4.Nxd4 Nf6 5.Nc3 a6 6.Be3 e6 7.f3 Nc6 8.g4 Qc7
9.g5 Nd7 10.Qe2 Nxd4 11.Bxd4 b5 12.O-O-O b4 13.Na4 Qa5 14.b3 Qxg5+ 15.Kb1 Qa5
16.Rg1 Rg8 17.Qd2 Bb7 18.Rg5 Qd8 19.Qxb4 Bxe4 20.fxe4 Qxg5 21.Qb7 Rb8 22.Qxa6 Qd8
23.Bb5 Qc8 24.Qxc8+ Rxc8 25.Nb6 Rc7 26.Nxd7 Rxd7 27.e5 Kd8 28.Bb6+ Kc8 29.Bxd7+ Kxd7
30.exd6 g5 31.c4 Bg7 32.c5 Bf6 33.b4 Kc6 34.a4  1-0

[Event "Open"]
[Site "Brasschaat BEL"]
[Date "2006.08.22"]
[Round "4"]
[White "Minyeyevtsev,S"]
[Black "Sadkowsky,D"]
[Result "1-0"]
[WhiteElo "2209"]
[BlackElo "2304"]

1.e4 c5 2.Nf3 d6 3.d4 cxd4 4.Nxd4 Nf6 5.Nc3 a6 6.Be3 e6 7.f4 b5 8.e5 dxe5
9.fxe5 Nd5 10.Nxd5 Qxd5 11.Be2 Qxe5 12.Qd2 Bb7 13.O-O-O Bc5 14.Bf4 Qxd4 15.Qxd4 Bxd4
16.Rxd4 Nc6 17.Rd2 Nb4 18.Bd6 Nd5 19.Bf3 O-O-O 20.Bxd5 Bxd5 21.Bb4 Kb7 22.Rhd1 Kb6
23.b3 Rc8 24.Kb2 Rc6 25.Bc3 f6 26.g4 Rhc8 27.Bd4+ Kb7 28.g5 Be4 29.gxf6 Rxc2+
30.Ka1 gxf6 31.Bxf6 b4 32.Bb2 Rxd2 33.Rxd2 Rf8 34.Bc1 Rf1 35.Kb2 a5 36.Rd4 Bf5
37.h4 Rh1 38.Rc4 h5 39.a3 Rh2+ 40.Ka1  1-0

[Event "3rd Dato Arthur Tan"]
[Site "Kuala Lumpur MAS"]
[Date "2006.08.23"]
[Round "6"]
[White "Aplin,C"]
[Black "Narayanan,S"]
[Result "1/2-1/2"]
[WhiteElo "2020"]
[BlackElo "2166"]

1.e4 c5 2.Nf3 d6 3.d4 cxd4 4.Nxd4 Nf6 5.Nc3 a6 6.Be3 e6 7.f3 b5 8.g4 Bb7
9.Qd2 Nfd7 10.O-O-O Nb6 11.h4 N8d7 12.Qf2 Rc8 13.g5 Rxc3 14.bxc3 Na4 15.Bd2 d5
16.Nb3 Qe7 17.Re1 Qa3+ 18.Kd1 Ndc5 19.Qg3 Qxa2 20.Nxc5 Nxc5 21.Qb8+ Kd7 22.Bf4 dxe4
23.Rxe4 Qb1+ 24.Kd2 Nb3+ 25.cxb3 Qb2+ 26.Kd1 Qxb3+ 27.Kd2  1/2-1/2

[Event "VII Open"]
[Site "Tarragona ESP"]
[Date "2006.08.24"]
[Round "6"]
[White "Rahal,M"]
[Black "Timoshenko,G"]
[Result "1/2-1/2"]
[WhiteElo "2390"]
[BlackElo "2550"]

1.e4 c5 2.Nf3 d6 3.d4 cxd4 4.Nxd4 Nf6 5.Nc3 a6 6.Be3 e5 7.Nf3 Qc7 8.a4 b6
9.Qd3 Nbd7 10.Qc4 Qxc4 11.Bxc4 Be7 12.Nd2 Bb7 13.f3 O-O 14.O-O-O Bc6 15.g4 Rfc8
16.h4 Kf8 17.Kb1 Ne8 18.g5 Nc7 19.Nb3 Rab8 20.Bd5 Nxd5  1/2-1/2

[Event "Canadian Closed zt"]
[Site "Toronto CAN"]
[Date "2006.08.25"]
[Round "8"]
[White "Predescu,S CAN"]
[Black "Masse,H"]
[Result "1-0"]
[WhiteElo "2222"]
[BlackElo "2178"]

1.e4 c5 2.Nf3 d6 3.d4 cxd4 4.Nxd4 Nf6 5.Nc3 a6 6.Be3 e5 7.Nde2 Be7 8.Ng3 Be6
9.Be2 O-O 10.Bg5 Nbd7 11.Bxf6 Nxf6 12.Nh5 Nd7 13.Bg4 Nc5 14.Bxe6 Nxe6 15.O-O g6
16.Ng3 Kh8 17.Qd5 b5 18.Rad1 Rc8 19.a3 Qb6 20.Nge2 Rfd8 21.g3 a5 22.Qb3 Qc6
23.Rd2 Rb8 24.Nd5 Bg5 25.f4 exf4 26.gxf4 Bh6 27.Qh3 Bg7 28.f5 Nc5 29.f6 Nxe4
30.fxg7+ Kxg7 31.Nec3 Ng5 32.Qg4 Qc5+ 33.Kh1 h6 34.h4 Ne6 35.Rg2 g5 36.Qf5 Rb7
37.hxg5  1-0

[Event "Canadian Closed zt"]
[Site "Toronto CAN"]
[Date "2006.08.26"]
[Round "9"]
[White "Arsenault,N"]
[Black "Henry,Lia"]
[Result "1/2-1/2"]
[WhiteElo "2113"]
[BlackElo "2090"]

1.e4 c5 2.Nf3 d6 3.d4 cxd4 4.Nxd4 Nf6 5.Nc3 a6 6.Be3 e5 7.Nb3 Be6 8.f3 Nbd7
9.g4 b5 10.g5 b4 11.Ne2 Nh5 12.Qd2 a5 13.Ng3 Nxg3 14.hxg3 a4 15.Nc1 Qa5 16.f4 g6
17.Bg2 a3 18.b3 Rc8 19.Ne2 Nc5 20.Bf3 Rd8 21.Rd1 Bg7 22.g4 exf4 23.Bd4 Be5
24.Nxf4 Nd7 25.Ne2 Bxd4 26.Nxd4 Ne5 27.Qf4 Qc5 28.Be2 Kd7 29.Nb5 Kc6 30.c3 Kb6
31.cxb4 Qxb4+ 32.Kf1 Bxg4 33.Qf2+ Qc5 34.Nxa3 Bxe2+ 35.Kxe2 Qxf2+ 36.Kxf2 Rd7
37.Rh3 Ra8 38.b4 Ra4 39.Rb3 Rd8 40.Kg3 Kc6 41.Rc1+ Kd7 42.Nb5 Rxa2 43.Rc7+ Ke8
44.Nc3 Rc2 45.b5 Nd7 46.b6 Nc5 47.Nd5 Nxb3 48.Rxc2 Nc5 49.Kf3 Kd7 50.Rh2 Kc6
51.Rxh7 Rd7 52.Rh8 Kb7 53.Rh2 Rd8 54.Rh7 Rd7 55.Rh1 Rd8 56.Rh7 Rd7 57.Rh1 Rd8  1/2-1/2

[Event "3rd Dato Arthur Tan"]
[Site "Kuala Lumpur MAS"]
[Date "2006.08.27"]
[Round "11"]
[White "Aplin,C"]
[Black "Baba,M"]
[Result "0-1"]
[WhiteElo "2020"]
[BlackElo "2189"]

1.e4 c5 2.Nf3 d6 3.d4 cxd4 4.Nxd4 Nf6 5.Nc3 a6 6.Be3 e5 7.Nb3 Be6 8.Qd2 Nbd7
9.f3 Be7 10.O-O-O O-O 11.g4 Qc7 12.h4 b5 13.Qf2 b4 14.Nd5 Bxd5 15.exd5 a5
16.g5 Nh5 17.Kb1 Rfb8 18.Be2 a4 19.Nd2 Nb6 20.Ne4 Nc4 21.Bxc4 Qxc4 22.b3 Qc7
23.f4 Nxf4 24.Bxf4 exf4 25.Qxf4 axb3 26.axb3 Ra2 27.Qf2 Rba8 28.Kc1 Qc3 29.Nxc3 bxc3
30.Qxf7+ Kh8  0-1

[Event "3rd Dato Arthur Tan"]
[Site "Kuala Lumpur MAS"]
[Date "2006.08.27"]
[Round "11"]
[White "Nguyen Hoang Nam1"]
[Black "Zakaria,F"]
[Result "0-1"]
[WhiteElo "2338"]
[BlackElo "2202"]

1.e4 c5 2.Nf3 d6 3.d4 cxd4 4.Nxd4 Nf6 5.Nc3 a6 6.Be3 e5 7.Nb3 Be6 8.f3 Be7
9.g4 O-O 10.Qd2 Nbd7 11.O-O-O Nb6 12.Qf2 Nfd7 13.h4 Rc8 14.Kb1 Rxc3 15.bxc3 Na4
16.Bd2 b5 17.Be1 Qc7 18.Rg1 Ndb6 19.g5 d5 20.Rg3 Ba3 21.Rd3 Bb2 22.Bh3 Nc4
23.a3 Qe7 24.Qe2 Qxa3 25.Qd1 Bxc3 26.Qc1 Bxe1 27.Rg1 Bc3 28.Qxa3 Nxa3+ 29.Ka2 Nxc2
30.Bxe6 Nb4+  0-1

[Event "Adolfo Pedrido Mem"]
[Site "Vilagarcia de Arousa ESP"]
[Date "2006.08.27"]
[Round "3"]
[White "Portela Gonzalez,A"]
[Black "Cebrian Ramos,J"]
[Result "0-1"]
[WhiteElo "1788"]
[BlackElo "2102"]

1.e4 c5 2.Nf3 d6 3.d4 cxd4 4.Nxd4 Nf6 5.Nc3 a6 6.Be3 e6 7.Be2 Qc7 8.O-O b5
9.f4 b4 10.Na4 Nxe4 11.Bf3 Bb7 12.f5 e5 13.Ne6 fxe6 14.Bh5+ Ke7 15.fxe6 Nf6
16.Nb6 Kxe6 17.Nxa8 Bxa8 18.Bg4+ Kf7 19.Qd2 d5 20.Qf2 Bd6 21.Bg5 Bc5 22.Be3 Bxe3
23.Qxe3 Rd8 24.Rae1 Nd7 25.Bxd7 Rxd7 26.Qxe5 Qxe5 27.Rxe5 Re7 28.Rxe7+ Kxe7
29.Ra1 Kd6 30.a3 b3 31.cxb3 d4 32.Rd1 Ke5 33.Rc1 d3 34.Rc8 d2 35.Rd8 Bd5  0-1

[Event "Adolfo Pedrido Mem"]
[Site "Vilagarcia de Arousa ESP"]
[Date "2006.08.27"]
[Round "3"]
[White "Senlle Caride,M"]
[Black "Gil Reguera,J"]
[Result "1/2-1/2"]
[WhiteElo "2038"]
[BlackElo "2261"]

1.e4 c5 2.Nf3 d6 3.d4 cxd4 4.Nxd4 Nf6 5.Nc3 a6 6.Be3 e6 7.g4 Be7 8.g5 Nfd7
9.Qd2 Qc7 10.O-O-O Nc6 11.f4 Nc5 12.Bg2 Bd7 13.h4 Nxd4 14.Bxd4 Rg8 15.e5 O-O-O
16.Qf2 Bc6 17.exd6 Bxd6 18.Bxc5 Bxc5 19.Qxc5 Bxg2 20.Qxc7+ Kxc7 21.Rhg1 Rxd1+
22.Kxd1 Bf3+ 23.Kd2 Rd8+  1/2-1/2

[Event "TCh-Serbia"]
[Site "Zlatibor SCG"]
[Date "2006.08.27"]
[Round "2"]
[White "Iordachescu,V"]
[Black "Maksimenko,A"]
[Result "1/2-1/2"]
[WhiteElo "2603"]
[BlackElo "2499"]

1.e4 c5 2.Nf3 d6 3.d4 cxd4 4.Nxd4 Nf6 5.Nc3 a6 6.Be3 Ng4 7.Bg5 h6 8.Bh4 g5
9.Bg3 Bg7 10.h3 Ne5 11.f3 Nbc6 12.Bf2 Be6 13.Qd2 Nxd4 14.Bxd4 Qa5 15.h4 O-O
16.hxg5 hxg5 17.a3 Ng6 18.b4 Qc7 19.Ne2 Rfc8 20.c3 Bc4 21.Rc1 Bxe2 22.Bxe2 Bxd4
23.Qxd4 a5 24.Kd2 axb4 25.cxb4 Qd8 26.Rxc8 Rxc8 27.Rc1 Rxc1 28.Kxc1 Nf4 29.Bf1 e5
30.Qe3 d5 31.exd5 Qxd5 32.Kb2 b5 33.g3 Ne6 34.Bd3 Nd4 35.Be4 Qd8 36.g4 Kg7
37.Qd2  1/2-1/2

[Event "Adolfo Pedrido Mem"]
[Site "Vilagarcia de Arousa ESP"]
[Date "2006.08.29"]
[Round "5"]
[White "Pena Torres,J"]
[Black "Gil Reguera,J"]
[Result "0-1"]
[WhiteElo "2151"]
[BlackElo "2261"]

1.e4 c5 2.Nf3 d6 3.d4 cxd4 4.Nxd4 Nf6 5.Nc3 a6 6.Be3 e6 7.f3 b5 8.g4 Bb7
9.g5 Nfd7 10.Qd2 Nb6 11.Qf2 N8d7 12.O-O-O Rc8 13.Bd3 Rxc3 14.bxc3 Qc7 15.Ne2 Na4
16.Kd2 d5 17.Rb1 Be7 18.h4 O-O 19.h5 Rc8 20.g6 Bf6 21.gxf7+ Kxf7 22.exd5 Bxd5
23.Bxh7 Nxc3 24.Rbg1 Qa5 25.Nxc3 Qxc3+ 26.Kd1 Ne5 27.Rh3 Rd8 28.Bd2 Bxf3+
29.Rxf3 Rxd2+ 30.Kc1 Nxf3 31.Qa7+ Be7 32.Kb1 Nxg1 33.Qxg1 Qd4  0-1

[Event "Adolfo Pedrido Mem"]
[Site "Vilagarcia de Arousa ESP"]
[Date "2006.08.29"]
[Round "5"]
[White "Nemeth,F"]
[Black "Casares Cabanas,C"]
[Result "1-0"]
[WhiteElo "2458"]
[BlackElo "2207"]

1.e4 c5 2.Nf3 d6 3.d4 cxd4 4.Nxd4 Nf6 5.Nc3 a6 6.Be3 e6 7.Qf3 Qc7 8.g4 h6
9.O-O-O Nc6 10.Nxc6 bxc6 11.h4 Rb8 12.g5 hxg5 13.hxg5 Rxh1 14.Qxh1 Nd7 15.f4 Qa5
16.g6 fxg6 17.Bc4 Nf6 18.Qg2 Qb4 19.Be2 Qa5 20.Qxg6+ Kd8 21.e5 Nd5 22.Nxd5 cxd5
23.Qf7 Be7 24.Qg8+ Kd7 25.Bg4 Qxa2 26.Bxe6+ Kc7 27.exd6+  1-0

[Event "TCh-Serbia"]
[Site "Zlatibor SCG"]
[Date "2006.08.31"]
[Round "6"]
[White "Pikula,D"]
[Black "Marinkovic,Sl"]
[Result "1-0"]
[WhiteElo "2545"]
[BlackElo "2389"]

1.e4 c5 2.Nf3 d6 3.d4 cxd4 4.Nxd4 Nf6 5.Nc3 a6 6.Be3 e5 7.Nb3 Be6 8.Qd2 Be7
9.f3 O-O 10.O-O-O Nbd7 11.g4 b5 12.g5 Nh5 13.Nd5 Bxd5 14.exd5 f5 15.gxf6 Rxf6
16.Na5 Nf4 17.Kb1 Qe8 18.c4 bxc4 19.Bxc4 Bd8 20.Nc6 Bb6 21.Bxb6 Nxb6 22.Bb3 Kh8
23.Rhe1 Qh5 24.Qb4 Nd7 25.Qb7 Qe8 26.Bc2 Qc8 27.Qb4 Rh6 28.Qd2 Nf6 29.Ne7 Qd7
30.Nf5 Rh5 31.Ng3 Rh6 32.Bf5 Qb7 33.Be4 g6 34.Re3 Qd7 35.Rc1 Qh3 36.Rc2 N6h5
37.Nxh5 gxh5 38.Rec3  1-0

[Event "TCh-Serbia"]
[Site "Zlatibor SCG"]
[Date "2006.08.31"]
[Round "6"]
[White "Iordachescu,V"]
[Black "Predojevic,B"]
[Result "0-1"]
[WhiteElo "2603"]
[BlackElo "2569"]

1.e4 c5 2.Nf3 d6 3.d4 cxd4 4.Nxd4 Nf6 5.Nc3 a6 6.Be3 e5 7.Nde2 Nbd7 8.Ng3 Qc7
9.Nh5 h6 10.a4 b6 11.Bd3 Bb7 12.O-O Nxh5 13.Qxh5 Nf6 14.Qe2 Be7 15.f3 O-O
16.Bc4 Rfc8 17.Bb3 Bc6 18.Rad1 Qb7 19.Qf2 b5 20.axb5 axb5 21.Ne2 Bd7 22.Ng3 Be6
23.Nf5 Bxf5 24.exf5 Re8 25.Qd2 Rad8 26.Qa5 d5 27.Qb6 Qd7 28.f4 exf4 29.Rxf4 Bd6
30.Rf3 Re4 31.h3 Rde8 32.Bf2 Bc7 33.Qc5 Bd6 34.Qc3 Be5 35.Qd3 Bxb2 36.Bxd5 Qxd5
37.Qxd5 Nxd5 38.Rxd5 b4 39.Kf1 Rc8 40.Rc5 Rce8 41.Bg3 Ra8 42.Rd5 Bd4 43.Rxd4 Rxd4
44.Be1 Rc8 45.Rf2 Rdc4 46.g4 Rxc2  0-1

[Event "Rudenko Mem"]
[Site "St Petersburg RUS"]
[Date "2006.09.01"]
[Round "7"]
[White "Solovjova,V"]
[Black "Zdebskaja,N"]
[Result "1/2-1/2"]
[WhiteElo "2265"]
[BlackElo "2344"]

1.e4 c5 2.Nf3 d6 3.d4 cxd4 4.Nxd4 Nf6 5.Nc3 a6 6.Be3 e5 7.Nf3 Be7 8.Bc4 O-O
9.O-O Be6 10.Bb3 Nc6 11.Bg5 Rc8 12.Bxf6 Bxf6 13.Nd5 Bxd5 14.Bxd5 b5 15.c3 Qb6
16.a3 a5 17.Qd3 a4 18.Bxc6 Rxc6 19.Ne1 Bg5 20.Nc2 g6 21.Nb4 Rc4 22.Rad1 Kh8
23.Rfe1 Rd8 24.Qf3 f5 25.exf5 Rf8 26.f6 Bxf6 27.Nd5 Qa7 28.Nxf6 Rf4 29.Qe3 Qxe3
30.Rxe3 R4xf6 31.f3 Rb8 32.Rd5 Rb6 33.Re4 Rf7 34.Rb4 Rfb7 35.f4 exf4 36.Rxf4 Kg7
37.h4 Rc7 38.Rfd4 Rcc6 39.h5 Rc5 40.hxg6 Rxd5 41.Rxd5 hxg6 42.Kf2 Kf6 43.Ke3 Ke6
44.Rg5 Kf6 45.Rd5 Ke6 46.Rg5  1/2-1/2

[Event "3rd Open"]
[Site "Kalamaria GRE"]
[Date "2006.09.02"]
[Round "4"]
[White "Papadopoulos,I"]
[Black "Lazaridis,H"]
[Result "1-0"]
[WhiteElo "2285"]
[BlackElo "2101"]

1.e4 c5 2.Nf3 d6 3.d4 cxd4 4.Nxd4 Nf6 5.Nc3 a6 6.Be3 e5 7.Nb3 Be6 8.f3 Nbd7
9.Qd2 b5 10.O-O-O Nb6 11.Qf2 Nfd7 12.f4 b4 13.Nd5 Bxd5 14.exd5 Na4 15.Qd2 Rb8
16.Qd3 Be7 17.fxe5 O-O 18.Qxa6 Ra8 19.Qb5 Nxe5 20.Qxb4 Qc7 21.Kb1 Bf6 22.Bd4 Rfb8
23.Qd2 Nb6 24.Be2 Qa7 25.a3 Qb7 26.Rhf1 Nec4 27.Bxc4 Nxc4 28.Qd3 Bxd4 29.Qxd4 Na5
30.Rd3 Rc8 31.Rg3 g6 32.Rc3 Nxb3 33.Rxb3 Qe7 34.Re3 Qg5 35.g3 Rab8 36.Rd3 Rc5
37.Qf4 Qd8 38.c4 Qc7 39.Rc3 Rc8 40.Qd4 Qd7 41.Ka2  1-0

[Event "3rd Open"]
[Site "Kalamaria GRE"]
[Date "2006.09.02"]
[Round "4"]
[White "Mastrovasilis,D"]
[Black "Grigorov,G"]
[Result "0-1"]
[WhiteElo "2567"]
[BlackElo "2425"]

1.e4 c5 2.Nf3 d6 3.d4 Nf6 4.Nc3 cxd4 5.Nxd4 a6 6.Be3 e6 7.f3 b5 8.Qd2 Nbd7
9.g4 Nb6 10.Qf2 Nfd7 11.O-O-O Bb7 12.Bd3 b4 13.Nce2 d5 14.e5 Nc4 15.f4 Bc5
16.Kb1 Qb6 17.Rhf1 O-O-O 18.Ka1 Nb8 19.Bxc4 dxc4 20.c3 b3 21.Nf5 Rxd1+ 22.Rxd1 Rd8
23.Nfd4 Nc6 24.Nc1 bxa2 25.Qe2 Na5 26.Bf2 Bd5 27.Nxa2 Bxd4 28.Bxd4 Nb3+ 29.Kb1 Qc6
30.Re1 Be4+  0-1

[Event "ch-U20 Panamerican"]
[Site "Bogota COL"]
[Date "2006.09.03"]
[Round "1"]
[White "Barrientos,S"]
[Black "Mateus,A"]
[Result "1-0"]
[WhiteElo "2435"]
[BlackElo "2042"]

1.e4 c5 2.Nf3 d6 3.d4 cxd4 4.Nxd4 Nf6 5.Nc3 a6 6.Be3 e5 7.Nf3 Be7 8.h3 O-O
9.Bc4 Qc7 10.Bb3 b5 11.Qd2 h6 12.O-O Kh7 13.a4 Bb7 14.axb5 axb5 15.Nxb5 Qc6
16.Nc3 Rxa1 17.Rxa1 Nxe4 18.Qd3 f5 19.Bd5 Qc8 20.Nxe4 fxe4 21.Qxe4+  1-0

[Event "TCh-Serbia"]
[Site "Zlatibor SCG"]
[Date "2006.09.03"]
[Round "9"]
[White "Maksimenko,A"]
[Black "Popovic,Du"]
[Result "1/2-1/2"]
[WhiteElo "2499"]
[BlackElo "2523"]

1.e4 c5 2.Nf3 d6 3.d4 cxd4 4.Nxd4 Nf6 5.Nc3 a6 6.Be3 e5 7.Nb3 Be6 8.f3 Be7
9.Qd2 O-O 10.O-O-O Nbd7 11.g4 b5 12.g5 b4 13.Ne2 Ne8 14.f4 a5 15.f5 a4 16.Nbd4 exd4
17.Nxd4 b3 18.Kb1 bxc2+ 19.Nxc2 Bb3 20.axb3 axb3 21.Na3 Ne5 22.h4 Ra5  1/2-1/2

[Event "ch-U20 Panamerican"]
[Site "Bogota COL"]
[Date "2006.09.04"]
[Round "2"]
[White "Echeverria Acuca,M"]
[Black "Mateus,A"]
[Result "1-0"]
[WhiteElo "2147"]
[BlackElo "2042"]

1.e4 c5 2.Nf3 d6 3.d4 Nf6 4.Nc3 cxd4 5.Nxd4 a6 6.Be3 e5 7.Nb3 Be6 8.f3 Nbd7
9.Qd2 b5 10.a4 b4 11.Nd5 Bxd5 12.exd5 Nb6 13.Bxb6 Qxb6 14.a5 Qb7 15.Bc4 Nd7
16.Ra4 Rb8 17.Qe2 Ra8 18.O-O Be7 19.Kh1 O-O 20.f4 Rfc8 21.Bd3 Qxd5 22.Rxb4 Qc6
23.fxe5 dxe5 24.Rc4 Qh6 25.Rxc8+ Rxc8 26.Bxa6 Rf8 27.Bc4 Bg5 28.Rf3 Bf4 29.Rh3 Qg5
30.a6 Qd8 31.Qd3 g6 32.Bb5 Nf6 33.Qxd8 Rxd8 34.Rd3 Ra8 35.g3 e4 36.Rd1 Ng4
37.Re1 Be5 38.Nc5 Bxb2 39.Bc6 Ra7 40.Bb7 Bc3 41.Re2 f5 42.Na4 Bd4 43.c3 Be5
44.Nb6 Bxc3 45.Nc8 Bd4 46.Nxa7 Bxa7 47.Rb2 e3 48.Bd5+ Kf8 49.Bf3 Ne5 50.Be2 Nc6
51.Rb1 h5 52.Rb7 Nd4 53.Rxa7  1-0

[Event "ch-U20 Panamerican"]
[Site "Bogota COL"]
[Date "2006.09.04"]
[Round "3"]
[White "Barrientos,S"]
[Black "Alvarez,Mig MEX"]
[Result "1-0"]
[WhiteElo "2435"]
[BlackElo "2073"]

1.e4 c5 2.Nf3 d6 3.d4 cxd4 4.Nxd4 Nf6 5.Nc3 a6 6.Be3 e5 7.Nf3 Be7 8.Bc4 O-O
9.O-O Be6 10.Bb3 Nc6 11.Bg5 Na5 12.Qd3 Nxb3 13.axb3 Ne8 14.Bxe7 Qxe7 15.Rfd1 Rd8
16.Nxe5 Bxb3 17.Ng4 Be6 18.Ne3 Nf6 19.Qd4 Qc7 20.Rd2 Qc5 21.Rad1 Qh5 22.e5 Ne8
23.Qb6 Rd7 24.exd6 Nf6 25.Qb4 Rc8 26.h3 h6 27.Na4 Rc6 28.c4 Ne4 29.Rd4 Qe5
30.Nb6 Rdxd6 31.Nbd5 Bc8 32.Qe1 Re6 33.b4 b5 34.c5 Re8 35.Ng4 Bxg4 36.hxg4 Rce6
37.f3 Ng3 38.Qxe5 Rxe5 39.Kf2 Ne2 40.R4d2 Kh8 41.c6 g5 42.Re1 Nf4 43.Rxe5 Rxe5
44.Nxf4 gxf4 45.c7 Re8 46.Rd8  1-0

[Event "5th Kesarovski - Georgiev Mem"]
[Site "Sunny Beach BUL"]
[Date "2006.09.04"]
[Round "3"]
[White "Valev,V"]
[Black "Ljangov,P"]
[Result "0-1"]
[WhiteElo "1643"]
[BlackElo "2176"]

1.e4 c5 2.Nf3 d6 3.d4 Nf6 4.Nc3 cxd4 5.Nxd4 a6 6.Be3 e6 7.Be2 Be7 8.O-O O-O
9.f4 Qc7 10.Bf3 Nbd7 11.g4 Nb6 12.g5 Ne8 13.Be2 Nc4 14.Bxc4 Qxc4 15.f5 g6
16.f6 Bd8 17.Nb3 b5 18.Nd2 Qc6 19.a3 Bb7 20.Qg4 Bb6 21.Rae1 Bxe3+ 22.Rxe3 Qc5
23.Rf3 h5 24.Qh4 a5 25.Nb3 Qb6 26.Ne2 d5 27.Nd2 Nd6 28.Rh3 dxe4 29.Qf2 Nf5
30.Rxe4 Qxf2+ 31.Kxf2 Bxe4 32.Nxe4 Rac8 33.c3 Rfd8 34.b3 Rd1 35.N2g3 Ra1
36.Nxf5 exf5 37.Nd6 Ra2+ 38.Ke1 Rb8 39.Re3 Rxa3 40.Re7 Rf8 41.Nxb5 Rxb3 42.Nd6 Rxc3
43.Nb7 a4 44.Kd2 Rh3 45.Re1 Rb8 46.Nc5 a3 47.Ra1 Rb2+ 48.Kc1 Rc3+  0-1

[Event "ch-U20 w Panamerican"]
[Site "Bogota COL"]
[Date "2006.09.07"]
[Round "8"]
[White "Franco,A"]
[Black "Rivera,I"]
[Result "1-0"]
[WhiteElo "2108"]
[BlackElo "2105"]

1.e4 c5 2.Nf3 d6 3.d4 cxd4 4.Nxd4 Nf6 5.Nc3 a6 6.Be3 e5 7.Nb3 Be6 8.Be2 Be7
9.O-O O-O 10.a4 Nc6 11.Qd2 d5 12.exd5 Nxd5 13.Nxd5 Bxd5 14.Nc5 Bxc5 15.Bxc5 Re8
16.Rfd1 Be6 17.Qe3 Qc8 18.Bb6 Nb4 19.Bd3 Nxc2 20.Bxc2 Qxc2 21.Rd2 Qc6 22.a5 Rac8
23.Rad1 Qb5 24.Qe4 Bb3 25.Re1 Qa4 26.Qxb7 Qb4 27.Rde2 Rc2 28.h3 Rxb2 29.Rxe5 Qxe1+
30.Rxe1 Rxe1+ 31.Kh2 Ba4 32.Qxa6 h5 33.Qc8+ Re8 34.Qf5 Rb5 35.Qf4 Bb3 36.Bd4 Be6
37.Qg3 g6 38.Qf4 g5 39.Qf6 Kf8 40.Be3 Rf5 41.Qh6+ Ke7 42.Bxg5+ f6 43.Bd2 Rxf2
44.Bb4+ Kd8 45.Bc5 Rf5 46.Bb6+ Kd7 47.Qg7+ Kc6 48.Qc7+ Kb5 49.Qc2 Rg5 50.h4 Re5
51.Bd4 Rf5 52.Qb2+ Kxa5 53.Qb6+ Ka4 54.Qc6+ Rb5 55.Qxe8 Bg4 56.Bxf6 Kb4 57.Qe4+ Ka5
58.Bd8+  1-0

[Event "I Open"]
[Site "Vitoria BRA"]
[Date "2006.09.08"]
[Round "3"]
[White "Molina,Rob"]
[Black "Bittencourt,J"]
[Result "1/2-1/2"]
[WhiteElo "2295"]
[BlackElo "2419"]

1.e4 c5 2.Nf3 d6 3.d4 cxd4 4.Nxd4 Nf6 5.Nc3 a6 6.Be3 e5 7.Nb3 Be6 8.f3 Nbd7
9.g4 Nb6 10.g5 Nh5 11.Qd2 Be7 12.O-O-O Rc8 13.Kb1 O-O 14.Rg1 g6 15.Nd5 Nxd5
16.exd5 Bf5 17.Bd3 Bxd3 18.Qxd3 f6 19.gxf6 Rxf6 20.Nd2 Kh8 21.Rg4 Qd7 22.Rdg1 Rcf8
23.Qb3 R8f7 24.Rb4 Bf8 25.a4 Rf5 26.Bg5 Nf4 27.Bxf4 Rxf4 28.Rg4 R4f5 29.Rh4 Qe7
30.Rbg4 h5 31.Rh3 Bh6 32.Rg2 Bxd2 33.Rxd2 Qf6 34.Rd3 h4 35.Qc4 Rf4 36.Qc8+ Kg7
37.Rb3 Kh6 38.a5 Qg5 39.Ka2 Ra4+ 40.Ra3 Qf4 41.Rxa4 Qxa4+ 42.Kb1 Qf4 43.Qh8+ Kg5
44.Qd8+ Rf6 45.Qh8 Qc4 46.f4+ Rxf4 47.Qd8+ Kg4  1/2-1/2

[Event "I Open"]
[Site "Vitoria BRA"]
[Date "2006.09.08"]
[Round "3"]
[White "Campos,E"]
[Black "Abreu,G"]
[Result "0-1"]
[WhiteElo "2259"]
[BlackElo "2065"]

1.e4 c5 2.Nf3 d6 3.d4 cxd4 4.Nxd4 Nf6 5.Nc3 a6 6.Be3 e5 7.Nb3 Be6 8.Qd2 Be7
9.f3 O-O 10.O-O-O a5 11.Kb1 a4 12.Nc1 Nc6 13.Nd5 Bxd5 14.exd5 Na5 15.Qb4 Qb8
16.g4 Rc8 17.g5 Nd7 18.h4 a3 19.b3 Qc7 20.Bd3 Bf8 21.h5 Nc5 22.Bf5 Nd7 23.g6 b5
24.gxf7+ Kh8 25.Qd2 Nc4 26.bxc4 bxc4 27.Qc3 Rcb8+ 28.Ka1 Nb6 29.Bxb6 Qxb6
30.Ne2 Be7 31.Rb1 Qf2 32.Qxc4 Qxf3 33.Qd3 Qf2 34.Rhf1 Rxb1+ 35.Rxb1 Bf6 36.Be4 g6
37.hxg6 hxg6 38.Qf3 Qxf3 39.Bxf3 e4+ 40.c3 exf3 41.Nd4 Rf8 42.Rf1 Rxf7 43.Kb1 g5
44.Kc2 g4 45.Kd3  0-1

[Event "I Open"]
[Site "Vitoria BRA"]
[Date "2006.09.09"]
[Round "5"]
[White "Molina,Rob"]
[Black "Cortez,M"]
[Result "1-0"]
[WhiteElo "2295"]
[BlackElo "2067"]

1.e4 c5 2.Nf3 d6 3.d4 cxd4 4.Nxd4 Nf6 5.Nc3 a6 6.Be3 e5 7.Nb3 Be6 8.f3 Nbd7
9.g4 Nb6 10.g5 Nh5 11.Qd2 Be7 12.O-O-O Rc8 13.Rg1 Qc7 14.Kb1 g6 15.Qf2 Bd8
16.Be2 O-O 17.Rd2 Nd7 18.Rgd1 Be7 19.Bf1 f5 20.exf5 Rxf5 21.Bh3 Ng7 22.Bxf5 Nxf5
23.h4 b5 24.a3 Qc4 25.Nd5 Bxd5 26.Rxd5 Nf8 27.f4 Nxe3 28.Qxe3 Qxf4 29.Qxf4 exf4
30.R5d4  1-0

[Event "ch-EU"]
[Site "Liverpool ENG"]
[Date "2006.09.10"]
[Round "5"]
[White "Swinkels,R"]
[Black "Gordon,S"]
[Result "0-1"]
[WhiteElo "2286"]
[BlackElo "2443"]

1.e4 c5 2.Nf3 d6 3.d4 cxd4 4.Nxd4 Nf6 5.Nc3 a6 6.Be3 e6 7.f3 b5 8.Qd2 b4
9.Na4 Nbd7 10.O-O-O Qa5 11.b3 Bb7 12.Kb1 Nc5 13.a3 Nxa4 14.axb4 Qc7 15.bxa4 Be7
16.c4 O-O 17.Be2 Rfb8 18.Ka1 Bc6 19.a5 Be8 20.Rb1 d5 21.c5 dxe4 22.Rhc1 Nd5
23.Rc4 Bf6 24.fxe4 Nxe3 25.Qxe3 Bb5 26.Ka2 Bxc4+ 27.Bxc4 Qd7 28.e5 Bg5 29.Qc3 Bf4
30.Nc2 Bd2 31.Qb3 Qc7 32.Qd3 Rd8 33.Qe4 Bc3 34.Rd1 Rdb8 35.Kb3 Bxe5 36.h3 Bf6
37.Ka3 Be7 38.Qe3 h6 39.Be2 Bg5 40.Qe4 Be7 41.Qe3 Ra7 42.Bf3 Rd8 43.Rd3 Rxd3+
44.Qxd3 Bxc5 45.bxc5 Qxa5+ 46.Kb3 Qxc5 47.Nb4 a5 48.Nc2 Rc7 49.Kb2 g6 50.Qb3 Kg7
51.Qd3 e5 52.Bd1 e4 53.Qb3 Rd7 54.Kc1 Qg5+ 55.Qe3 Qxg2 56.Qc3+ Kh7 57.Qxa5 Qxh3
58.Qe1 Qg2 59.Ne3 Qg5 60.Bc2 f5 61.Qc3 Qe7 62.Nc4 Qg7 63.Qe5 Re7 64.Qc5 Rc7  0-1

[Event "3rd LGA Premium Cup"]
[Site "Nuernberg GER"]
[Date "2006.09.10"]
[Round "6"]
[White "Koepke,C"]
[Black "Baramidze,D"]
[Result "0-1"]
[WhiteElo "2319"]
[BlackElo "2591"]

1.e4 c5 2.Nf3 d6 3.d4 cxd4 4.Nxd4 Nf6 5.Nc3 a6 6.Be3 e5 7.Nf3 Be7 8.Bc4 O-O
9.O-O Be6 10.Bb3 Qc7 11.Bg5 Nbd7 12.Nh4 g6 13.g3 b5 14.Ng2 b4 15.Bxf6 Nxf6
16.Nd5 Nxd5 17.exd5 Bh3 18.a3 f5 19.Qe2 f4 20.f3 bxa3 21.Rxa3 a5 22.Kh1 Rf7
23.Qc4 Qa7 24.Ba4 Raf8 25.Bb5 fxg3 26.hxg3 Rf5 27.Qe2 Rh5 28.Rf2 Bd8 29.Kg1 Bb6
30.Ne3 Bc5 31.Rb3 Qe7 32.Rh2 Qf6 33.Kf2 Bg4 34.Rxh5 Bxf3 35.Rf5 Qxf5  0-1

[Event "EU-chB16"]
[Site "Herceg Novi MNE"]
[Date "2006.09.14"]
[Round "5"]
[White "Spoelman,W"]
[Black "Kelemen,F"]
[Result "1-0"]
[WhiteElo "2461"]
[BlackElo "2086"]

1.e4 c5 2.Nf3 d6 3.d4 cxd4 4.Nxd4 Nf6 5.Nc3 a6 6.Be3 e5 7.Nf3 Be6 8.Ng5 Be7
9.Nxe6 fxe6 10.Bc4 Qd7 11.Qf3 Nc6 12.Qh3 Nd8 13.Bb3 Rc8 14.Na4 Qb5 15.Nb6 Qa5+
16.c3 Rxc3 17.bxc3 Qxc3+ 18.Ke2 Qb2+ 19.Bd2 Nxe4 20.Nc4 Qd4 21.Qe3 Qd5 22.Nxd6+ Qxd6
23.Qxe4 Nc6 24.Be3  1-0